| 000 | 00606nam a22002297a 4500 | ||
|---|---|---|---|
| 003 | OSt | ||
| 005 | 20140310182914.0 | ||
| 008 | 130129t xxu||||| |||| 00| 0 eng d | ||
| 020 | _a971915446 | ||
| 050 |
_aGV463 _b.Aq657 1953 |
||
| 082 |
_aFIL 796.44 _bAq5 1953 |
||
| 245 |
_aGymnastics for girls _cAquino, Francisco Reyes |
||
| 260 |
_aQuezon City _bKayumanggi Press _cc1953 |
||
| 300 |
_avii, 251 p. : _c22.6 cm. _billus. |
||
| 521 | _acollege students | ||
| 526 | _c1210L-1700L | ||
| 541 | _j1 | ||
| 541 | _j2 | ||
| 541 | _j3 | ||
| 562 | _e3 | ||
| 942 |
_2lcc _cBK _kFIL |
||
| 999 |
_c17274 _d17274 |
||